Engineering economy (Record no. 1549)

000 -LEADER
fixed length control field 00674nam a22002294a 4500
001 - CONTROL NUMBER
control field 1549
003 - CONTROL NUMBER IDENTIFIER
control field BD-DhUET
008 - FIXED-LENGTH DATA ELEMENTS--GENERAL INFORMATION
fixed length control field 000424s2001 njua b 001 0 eng
020 ## - INTERNATIONAL STANDARD BOOK NUMBER
International Standard Book Number 013028128X
040 ## - CATALOGING SOURCE
Original cataloging agency DLC
Transcribing agency DLC
Modifying agency BD-DhUET
082 00 - DEWEY DECIMAL CLASSIFICATION NUMBER
Classification number 620.02
Item number THU/2001
100 ## - MAIN ENTRY--PERSONAL NAME
Personal name Thuesen, G. J.
245 10 - TITLE STATEMENT
Title Engineering economy
Statement of responsibility, etc. by G.J. Thuesen and W.J. Fabrycky
250 ## - EDITION STATEMENT
Edition statement 9th ed.
260 ## - PUBLICATION, DISTRIBUTION, ETC. (IMPRINT)
Place of publication, distribution, etc. New Jersy
Name of publisher, distributor, etc. Prentice Hall
Date of publication, distribution, etc. 2001
300 ## - PHYSICAL DESCRIPTION
Extent xiv, 637 p.
Other physical details ill.
Dimensions 25 cm.
490 ## - SERIES STATEMENT
Series statement Prentice hall international series in industrial and sytems engineering
504 ## - BIBLIOGRAPHY, ETC. NOTE
Bibliography, etc Includes bibliographies
650 #0 - SUBJECT ADDED ENTRY--TOPICAL TERM
Topical term or geographic name as entry element Engineering economy
700 1# - ADDED ENTRY--PERSONAL NAME
Personal name Fabrycky, W. J.
942 ## - ADDED ENTRY ELEMENTS (KOHA)
Koha item type General Book
Holdings
Price effective from Piece designation (barcode) Location (home branch) Sublocation or collection (holding branch) Koha item type Koha date last seen Copy number Koha date last borrowed Damaged status Date acquired Withdrawn status Lost status Source of classification or shelving scheme Koha full call number Shelving location Koha normalized classification for sorting Not for loan Koha issues (times borrowed)
2014-09-08102596Central Library, BUETCentral Library, BUETGeneral Book2014-09-081  2014-09-08   620.02/THU/2001Circulation section620_000000000000000_02THU2001  
2014-09-08102594Central Library, BUETCentral Library, BUETGeneral Book2014-09-082  2014-09-08   620.02/THU/2001Circulation section620_000000000000000_02THU2001  
2014-09-08102590Central Library, BUETCentral Library, BUETGeneral Book2021-12-2032021-11-29 2014-09-08   620.02/THU/2001Circulation section620_000000000000000_02THU2001 1
2014-09-08102595Central Library, BUETCentral Library, BUETGeneral Book2014-09-084  2014-09-08   620.02/THU/2001Circulation section620_000000000000000_02THU2001  
2014-09-08102589Central Library, BUETCentral Library, BUETGeneral Book2014-09-085  2014-09-08   620.02/THU/2001Circulation section620_000000000000000_02THU2001  
2014-09-08102588Central Library, BUETCentral Library, BUETGeneral Book2014-09-086  2014-09-08   620.02/THU/2001Circulation section620_000000000000000_02THU2001  
2014-09-08102592Central Library, BUETCentral Library, BUETGeneral Book2022-04-1682022-03-21 2014-09-08   620.02/THU/2001Circulation section620_000000000000000_02THU2001 2
2014-09-08102591Central Library, BUETCentral Library, BUETGeneral Book2014-09-089  2014-09-08   620.02/THU/2001Circulation section620_000000000000000_02THU2001  
2014-09-15102593Central Library, BUETCentral Library, BUETGeneral Book2014-09-1510  2014-09-15   620.02/THU/2001Circulation section620_000000000000000_02THU2001  
2014-09-27101877Central Library, BUETCentral Library, BUETGeneral Book2021-12-20112021-12-04 2014-09-27   620.02/THU/2001Circulation section620_000000000000000_02THU2001 3
2014-10-19112838Central Library, BUETCentral Library, BUETGeneral Book2014-10-1912  2014-10-19   620.02/THU/2001Circulation section620_000000000000000_02THU2001  
2014-11-23101878Central Library, BUETCentral Library, BUETGeneral Book2014-11-2313  2014-11-23   620.02/THU/2001Circulation section620_020000000000000_THU_2001